Statistics for Northern Or Southern Or Both?

Click here to take the quiz!

General Stats

  • This quiz has been taken 19 times
    (12 since last reset)
  • The average score is 11 of 15

Answer Stats

QuestionAnswer% Correct
EuropeNorthern
91%
United StatesNorthern
91%
RussiaNorthern
91%
South AmericaBoth
82%
AfricaBoth
82%
North AmericaNorthern
82%
CaribbeanNorthern
82%
CanadaNorthern
82%
AsiaBoth
73%
PhilippinesNorthern
73%
ArgentinaSouthern
73%
BrazilBoth
64%
SomaliaBoth
45%
ColombiaBoth
45%
DRCNorthern
9%

Score Distribution

Percentile by Number Answered

Percent of People with Each Score

Your Score History

You have not taken this quiz since the last reset